Гальванические элементы

Bibliografiske detaljer
Hovedforfatter: Постников С.
Andre forfattere: Гетманский М. (художник)
Summary:Подписано к печати 23.08.1944 г.
Sprog:russisk
Udgivet: Москва, Государственное издательство детской литературы Наркомпроса РСФСР, 1944
Udgivelse:2-е изд., доп.
Fag:
Format: MixedMaterials Bog
KOHA link:https://koha.lib.tpu.ru/cgi-bin/koha/opac-detail.pl?biblionumber=374051

MARC

LEADER 00000nam0a2200000 4500
001 374051
005 20231101051008.0
010 |b 25000 экз. 
035 |a (RuTPU)RU\TPU\retro\31484 
035 |a RU\TPU\book\273303 
090 |a 374051 
100 |a 20221216d1944 e y0rusy50 ca 
101 0 |a rus 
102 |a RU 
105 |a a z 000zy 
200 1 |a Гальванические элементы  |f С. Постников  |g рис. М. Гетманского 
205 |a 2-е изд., доп. 
210 |a Москва  |c Государственное издательство детской литературы Наркомпроса РСФСР  |d 1944  |a Ленинград 
215 |a 35 с.  |c ил. 
300 |a Подписано к печати 23.08.1944 г. 
610 1 |a прикладная электрохимия 
610 1 |a гальванические элементы 
610 1 |a детская литература 
675 |a 621.352  |v 3 
700 1 |a Постников  |b С. 
702 1 |a Гетманский  |b М.  |4 040 
801 1 |a RU  |b 63413507  |c 20140218 
801 2 |a RU  |b 63413507  |c 20221216  |g RCR 
942 |c BK